| 000 | 00909cam a22002294a 4500 | ||
|---|---|---|---|
| 020 | _a0792370562 (alk. paper) | ||
| 040 | _cDLC | ||
| 082 | 0 | 0 | _a616 KLU 2001 A040 Or. |
| 245 | 1 | 0 |
_aEndocrine disrupters : _benvironmental health and policies / |
| 260 |
_aDordrecht ; _aBoston : _bKluwer Academic Publishers, _cc2001. |
||
| 300 |
_axviii, 376 p. : _bill. ; _c25 cm. |
||
| 500 | _a"Proceedings of the Seminar 'Environmental Health Aspectgs of Endocrine Disrupters', Hippocrates Foundation, Kos, Greece, 2-4 September, 1999." | ||
| 650 | 0 | _aEndocrine toxicology | |
| 650 | 0 | _aEnvironmental toxicology | |
| 650 | 0 | _aReproductive toxicology | |
| 700 | 1 | _aNicolopoulou-Stamati, P. | |
| 700 | 1 | _aHens, Luc, | |
| 700 | 1 | _aHoward, Vyvyan. | |
| 856 | 4 | 1 | _uhttp://www.loc.gov/catdir/enhancements/fy0813/2001029972-t.html |
| 856 | 4 | 2 | _uhttp://www.loc.gov/catdir/enhancements/fy0813/2001029972-d.html |
| 942 | _cEK | ||
| 999 |
_c11887 _d11887 |
||